000 00516nam a2200217Ia 4500
003 OSt
005 20230316112717.0
008 210210b2011 xxu||||| |||| 00| 0 eng d
020 _a9788120342835
040 _cAL
041 _aeng
082 _a327 GHOI
100 _aGHOSH (Peu)
_975673
245 _aInternational relations
250 _a2
260 _aNew Delhi
_bPHI Learning Pvt. Ltd.
_c2011
300 _axvi,415
690 _aInternational Relations
_975674
906 _a066631
942 _2ddc
_cBK
999 _c149120
_d149120